000 00284nam a22001217a 4500
040 _cHS
082 _a634
100 _aខៀវ ឆដា
245 _aផ្សព្វផ្សាយព្រៃឈើ
260 _aRUA
_bខៀវ​ ឆដា
_c1997
300 _aNA
942 _cKB
999 _c9284
_d9284